1 Billion streams club : Queen - Statistics

General Stats
  • This quiz has been taken 6 times
  • The average score is 7 of 8
Answer Stats
Album Song Streams % Correct
The Game Another One Bites The Duest 2.4B
100%
A Night at the Opera Bohemian Rhapsody 3.1B
100%
Jazz Don't Stop Me Now 2.6B
83%
Hot Space(ft. David Bowie) Under Pressure 2.1B
83%
News of the World We Will Rock You 1.6B
83%
The Game Crazy Little Thing Called Love 1.2B
67%
Sheer Heart Attack Killer Queen 1.1B
67%
A Day at the Races Somebody To Love 1.1B
67%
No matching quizzes found
Score Distribution
Percent of People with Each Score
Percentile by Number Answered
Your Score History
You have not taken this quiz